All Anatolian Beyliks Quiz - Statistics

General Stats
  • This quiz has been taken 15 times
  • The average score is 5 of 41
Answer Stats
Status Beylik % Correct
2nd Period Anatolian Beylik Eretna State
50%
2nd Period Anatolian Beylik Hamitoğulları
38%
2nd Period Anatolian Beylik Karamanoğulları
38%
2nd Period Anatolian Beylik Candaroğulları
25%
Canik Beylik Canik Beyliks
25%
2nd Period Anatolian Beylik Kadı Burhâneddin Ahmed State
25%
2nd Period Anatolian Beylik Karesioğulları
25%
2nd Period Anatolian Beylik Menteşeoğulları
25%
2nd Period Anatolian Beylik Osmanoğulları
25%
2nd Period Anatolian Beylik Tâceddinoğulları
25%
Canik Beylik Tâceddinoğulları
25%
2nd Period Anatolian Beylik Tekeoğulları
25%
1st Period Anatolian Beylik Artuklular
13%
2nd Period Anatolian Beylik Aydınoğulları
13%
Canik Beylik Beylik of Bafra
13%
1st Period Anatolian Beylik Çaka Beylik
13%
2nd Period Anatolian Beylik Dulkadiroğulları
13%
2nd Period Anatolian Beylik Germiyanoğulları
13%
2nd Period Anatolian Beylik Ramazanoğulları
13%
2nd Period Anatolian Beylik Saruhanoğulları
13%
2nd Period Anatolian Beylik Ahis Beylik
0%
1st Period Anatolian Beylik Ahlatşahlar
0%
2nd Period Anatolian Beylik Alaiye
0%
2nd Period Anatolian Beylik Beylik of Erzincan
0%
2nd Period Anatolian Beylik Çobanoğulları
0%
1st Period Anatolian Beylik Çubukoğullari
0%
1st Period Anatolian Beylik Danişmendliler
0%
1st Period Anatolian Beylik Dilmaçoğullari
0%
2nd Period Anatolian Beylik Eşrefoğulları
0%
Canik Beylik Hacıemiroğulları
0%
1st Period Anatolian Beylik İnaloğullari
0%
2nd Period Anatolian Beylik İnançoğulları
0%
Canik Beylik Kubadoğulları
0%
Canik Beylik Kutluşahlar
0%
1st Period Anatolian Beylik Menguçlüler
0%
2nd Period Anatolian Beylik Özeroğulları
0%
2nd Period Anatolian Beylik Pervâneoğulları
0%
2nd Period Anatolian Beylik Sâhib Ataoğulları
0%
1st Period Anatolian Beylik Saltuklular
0%
1st Period Anatolian Beylik Tanribermis
0%
Canik Beylik Taşanoğulları
0%
No matching quizzes found
Score Distribution
Percent of People with Each Score
Percentile by Number Answered
Your Score History
You have not taken this quiz